| 000 | 00762cai a22001815a 4500 | ||
|---|---|---|---|
| 001 | E147683 | ||
| 008 | 090604u xxk g 000 0 eng d | ||
| 035 | _a(Sirsi) u147683 | ||
| 041 | 0 | _aeng | |
| 110 | 2 |
_aMacaulay Institute _95679 |
|
| 245 | 0 | 0 |
_aMacaulay Land Use Research Institute _h[electronic resource] |
| 520 | _aWebsite for the Macaulay Institute, which carries out research into the social and environmental impacts of rural land uses. Includes details of projects and research programmes, publications, and related organisations. | ||
| 590 | _aKA | ||
| 651 | 4 |
_aScotland _y1999- |
|
| 690 | _aENVIRONMENTAL AND LAND CONSULTANCY | ||
| 856 | 4 | 0 |
_uhttps://www.macaulay.ac.uk/index.php _zView the website free of charge at www.macaulay.ac.uk... |
| 942 | _n0 | ||
| 999 |
_c120800 _d120800 |
||